Statistics for Closest Cities to Denver

Click here to take the quiz!

General Stats

  • This quiz has been taken 29 times
  • The average score is 11 of 20

Answer Stats

km City mi % Correct
106Colorado Springs66
100%
601Salt Lake City374
100%
811Oklahoma City504
84%
779Omaha484
84%
893Kansas City555
84%
12Aurora7
76%
543Albuquerque337
76%
700Wichita435
72%
91Fort Collins56
68%
883Tulsa548
68%
712Lincoln442
56%
904El Paso561
52%
577Amarillo358
48%
743Lubbock461
32%
939Mesa584
32%
888Overland Park552
24%
934Scottsdale580
24%
801Sioux Falls497
24%
909Ciudad Juárez565
8%
940Gilbert584
8%

Score Distribution

Percentile by Number Answered

Percent of People with Each Score

Your Score History

You have not taken this quiz